00483cam a22001217a 4500008004000000082001500040245015700055260004500212300000900257500002900266700003100295700003500326180718b1976 xxu||||| |||| 00| 0 eng d aG19x54 In2 aReport of Committee Appointed to Investigate the conduct and Activities of Shri Subramanian Swamy, Member of the Rajya Sabhacby Rajya Sabha Secretariat aNew DelhibRajya Sabha Secretariatc1976 a43+p aChairman: Godey Murahari aMurahari, Godey (Chairman) aIndia. Rajya Sabha Secretariat